000 00524nam a2200205Ia 4500
008 170918s9999 xx 000 0 und d
020 _a9780746074268
050 _bP984 2006
100 _aPunter, Russell
245 _aStories of dinosaurs /
245 _cRussell Punter ; illustrated by Cynthia Decker.
260 _aNew York :
260 _bScholastic,
260 _c2006
300 _a48 pages :
300 _bcolored illustration ;
300 _c20cm.
440 _aUsborne young reading.
500 _a490
999 _c341480
_d341480